Elements calcul infinitesimal
| 1. Verfasser: | |
|---|---|
| Zusammenfassung: | В описании используется грамматика 19 века |
| Sprache: | Französisch |
| Veröffentlicht: |
Paris, Mallet-Bachelier, Impremiur-Libraire de l'ecol polytechnique, du bureau des longitudes, 1856
|
| Format: | MixedMaterials Buch |
| KOHA link: | https://koha.lib.tpu.ru/cgi-bin/koha/opac-detail.pl?biblionumber=361496 |
MARC
| LEADER | 00000nam1a2200000 4500 | ||
|---|---|---|---|
| 001 | 361496 | ||
| 005 | 20231101043235.0 | ||
| 035 | |a (RuTPU)RU\TPU\retro\18824 | ||
| 090 | |a 361496 | ||
| 100 | |a 20210608d1856 m y0frey50 ba | ||
| 101 | 0 | |a fre | |
| 102 | |a FR | ||
| 200 | 1 | |a Elements calcul infinitesimal |f M. Duhamel | |
| 210 | |a Paris |c Mallet-Bachelier, Impremiur-Libraire de l'ecol polytechnique, du bureau des longitudes |d 1856 | ||
| 300 | |a В описании используется грамматика 19 века | ||
| 700 | 1 | |a Duhamel |b M. | |
| 801 | 1 | |a RU |b 63413507 |c 20210608 | |
| 942 | |c BK | ||